| 000 | 00426nam a2200193Ia 4500 | ||
|---|---|---|---|
| 005 | 20240823034047.0 | ||
| 008 | 240823s9999||||xx |||||||||||||| ||und|| | ||
| 020 | _a81-264-0306-3 | ||
| 041 | _aMALAYALAM | ||
| 082 | _A894.8123 Q2 | ||
| 100 | _aBalakrishnan C V | ||
| 245 | 0 | _aDisha | |
| 250 | _a4th | ||
| 260 |
_c2012 _b"D C Books,Kot" |
||
| 500 | _aYES | ||
| 650 |
_aNovel _bEnglish |
||
| 942 | _cBK | ||
| 999 |
_c197323 _d197323 |
||